[Event "Bialystok-ch U20"]
[Site "Bialystok"]
[Date "2012.??.??"]
[Round "5"]
[White "Daciuk, Jaroslaw"]
[Black "Burakowska, Gabriela"]
[Result "1/2-1/2"]
[WhiteElo "1627"]
[BlackElo "1554"]
[PlyCount "118"]
[EventDate "2012.02.??"]
[EventType "tourn"]
[EventRounds "9"]
[EventCountry "POL"]
[SourceTitle "EXT 2014"]
[Source "ChessBase"]
[SourceDate "2013.11.20"]
[SourceVersion "1"]
[SourceVersionDate "2013.11.20"]
[SourceQuality "1"]

1. c4 c5 2. Nc3 e6 3. Nf3 a6 4. g3 Nc6 5. Bg2 Nf6 6. 0-0 Be7 7. d4 cxd4 8. Nxd4 Qc7 9. e4 0-0 10. Nc2 Nb4 11. Nxb4 Bxb4 12. Qb3 Be7 13. Be3 Bc5 14. Bxc5 Qxc5 15. Rad1 d6 16. Na4 Qc7 17. Nb6 Rb8 18. Rd2 Nd7 19. Nxd7 Bxd7 20. Qb4 Bc6 21. Qxd6 Qb6 22. Rfd1 h6 23. Qe7 Rbe8 24. Qh4 f5 25. e5 Bxg2 26. Kxg2 f4 27. b3 f3+ 28. Kg1 Rf5 29. Qe4 Qc5 30. Rd8 Qe7 31. Rxe8+ Qxe8 32. Rd3 Qh5 33. Re3 g5 34. h4 Rf7 35. Rd3 Kg7 36. Rd4 Qg6 37. Qxg6+ Kxg6 38. hxg5 Kxg5 39. Rd3 Rf5 40. Re3 h5 41. Kh2 Rf8 42. Kh3 Rf5 43. Re4 Rf7 44. Re3 Rf5 45. b4 Rf7 46. c5 Rf5 47. a4 Rf7 48. Re4 Rd7 49. b5 Rd1 50. Kh2 Rc1 51. Re3 Rxc5 52. Rxf3 Rxe5 53. Rb3 Re4 54. bxa6 bxa6 55. Rb6 Rxa4 56. Rxe6 Ra2 57. Kg2 h4 58. gxh4+ Kxh4 59. Kf3 Kg5 1/2-1/2

[Event "Bialystok Zamenhof Memorial"]
[Site "Bialystok"]
[Date "2011.12.28"]
[Round "3"]
[White "Daciuk, Jaroslaw"]
[Black "Pietruszewski, Marcin"]
[Result "0-1"]
[WhiteElo "1627"]
[BlackElo "2149"]
[PlyCount "88"]
[EventDate "2011.12.27"]
[EventType "swiss"]
[EventRounds "9"]
[EventCountry "POL"]
[SourceTitle "CBM 146 Extra"]
[Source "ChessBase"]
[SourceDate "2012.02.29"]
[SourceVersion "1"]
[SourceVersionDate "2012.02.29"]
[SourceQuality "1"]

1. c4 c6 2. d4 d5 3. e3 Nf6 4. Nc3 a6 5. c5 g6 6. Bd3 e5 7. Bc2 Nbd7 8. Nf3 Bg7 9. h3 0-0 10. dxe5 Ne8 11. e4 Nxe5 12. exd5 cxd5 13. Nxd5 Nd3+ 14. Qxd3 Bf5 15. Qd2 Bxc2 16. Qxc2 Qxd5 17. Be3 Nc7 18. 0-0 Rfd8 19. Rfd1 Qc6 20. Rac1 Ne6 21. b3 Rac8 22. b4 a5 23. a3 Rxd1+ 24. Rxd1 b6 25. Rc1 axb4 26. axb4 Qb5 27. Qc4 Qa4 28. Nd2 Bf8 29. Ne4 bxc5 30. bxc5 Qxc4 31. Rxc4 f5 32. Nf6+ Kf7 33. Nd7 Rc7 34. c6 Bd6 35. Bb6 Rc8 36. f4 Nxf4 37. Ba5 Nd5 38. Bd2 Ke6 39. Kf2 Ne7 40. Ba5 Rxc6 41. Nf8+ Kf7 42. Rxc6 Nxc6 43. Nxh7 Nxa5 44. Ng5+ Kf6 0-1

[Event "Bialystok Zamenhof Memorial"]
[Site "Bialystok"]
[Date "2011.12.27"]
[Round "1"]
[White "Daciuk, Jaroslaw"]
[Black "Poswiatowski, Michal"]
[Result "1-0"]
[WhiteElo "1627"]
[BlackElo "1942"]
[PlyCount "81"]
[EventDate "2011.12.27"]
[EventType "swiss"]
[EventRounds "9"]
[EventCountry "POL"]
[SourceTitle "CBM 146 Extra"]
[Source "ChessBase"]
[SourceDate "2012.02.29"]
[SourceVersion "1"]
[SourceVersionDate "2012.02.29"]
[SourceQuality "1"]

1. c4 c6 2. Nc3 g6 3. Nf3 Bg7 4. d4 e6 5. Bf4 d5 6. e3 Nd7 7. b3 Ngf6 8. h3 0-0 9. Bd3 Qe7 10. Qc2 b6 11. 0-0 Bb7 12. Rfd1 Rae8 13. Rac1 Kh8 14. Qb1 Nh5 15. Bh2 f5 16. Ne2 g5 17. cxd5 cxd5 18. Rc7 Rb8 19. Bb5 Bc8 20. Ne5 Bxe5 21. Bxe5+ Kg8 22. Bc6 Qd8 23. Bh2 a5 24. Ra7 f4 25. exf4 gxf4 26. Qc1 b5 27. Nxf4 Nxf4 28. Bxf4 Rb6 29. Bc7 Qf6 30. Rd2 Ra6 31. Rxa6 Bxa6 32. Bxd7 Qe7 33. Qc6 Bc8 34. Bd6 Bxd7 35. Bxe7 Bxc6 36. Bxf8 Kxf8 37. Rc2 Bd7 38. f4 Ke7 39. Kf2 Kd6 40. Kf3 Be8 41. Rc5 1-0

[Event "Bialystok Bieluczyk Memorial-B"]
[Site "Bialystok"]
[Date "2011.07.??"]
[Round "5"]
[White "Gierda, Piotr"]
[Black "Daciuk, Jaroslaw"]
[Result "1/2-1/2"]
[WhiteElo "1523"]
[BlackElo "1627"]
[PlyCount "137"]
[EventDate "2011.07.??"]
[EventType "swiss"]
[EventRounds "9"]
[EventCountry "POL"]
[SourceTitle "EXT 2014"]
[Source "ChessBase"]
[SourceDate "2013.11.20"]
[SourceVersion "1"]
[SourceVersionDate "2013.11.20"]
[SourceQuality "1"]

1. e4 c5 2. Nf3 e6 3. d4 cxd4 4. Nxd4 Nc6 5. Nc3 Qc7 6. Be3 a6 7. g3 b5 8. Bg2 Bb7 9. 0-0 Nf6 10. a3 b4 11. axb4 Bxb4 12. f3 Bxc3 13. bxc3 d5 14. exd5 Nxd5 15. Bd2 0-0 16. Nxc6 Qxc6 17. Qe1 Rfc8 18. Rb1 Qc5+ 19. Kh1 Bc6 20. Qf2 Bb5 21. Qxc5 Rxc5 22. Rfd1 Nxc3 23. Bxc3 Rxc3 24. f4 Bc6 25. Rb2 Bxg2+ 26. Kxg2 a5 27. Ra2 g6 28. Rda1 Rc5 29. c4 Rxc4 30. Rxa5 Rxa5 31. Rxa5 Rc3 32. g4 h6 33. h4 Rd3 34. Rb5 Rd5 35. Rb6 g5 36. fxg5 hxg5 37. h5 Kg7 38. Kf3 Rd4 39. Rb5 Rf4+ 40. Kg3 Kh6 41. Rb6 Re4 42. Kf3 Re5 43. Ra6 Rb5 44. Rc6 Kg7 45. Rc7 Rb6 46. Ke4 Kf6 47. Ra7 Rb1 48. Kf3 Rf1+ 49. Kg2 Rf4 50. Kg3 Kg7 51. Ra5 f5 52. gxf5 exf5 53. Ra6 Rg4+ 54. Kf3 Rf4+ 55. Kg3 Rg4+ 56. Kf3 Rg1 57. Kf2 Rg4 58. Kf3 Rf4+ 59. Kg3 Kh7 60. Rg6 Rg4+ 61. Kf3 Rg1 62. Kf2 Rg4 63. Kf3 Rf4+ 64. Kg3 Rf1 65. Kg2 Rf4 66. Kg3 Rg4+ 67. Kf3 Rf4+ 68. Kg3 Rg4+ 69. Kf3 1/2-1/2

[Event "Bialystok qual-B"]
[Site "Bialystok"]
[Date "2011.05.??"]
[Round "2"]
[White "Kozaczynska, Aleksandra"]
[Black "Daciuk, Jaroslaw"]
[Result "0-1"]
[WhiteElo "1501"]
[BlackElo "1627"]
[PlyCount "124"]
[EventDate "2011.05.??"]
[EventType "swiss"]
[EventRounds "9"]
[EventCountry "POL"]
[SourceTitle "EXT 2014"]
[Source "ChessBase"]
[SourceDate "2013.11.20"]
[SourceVersion "1"]
[SourceVersionDate "2013.11.20"]
[SourceQuality "1"]

1. e4 c5 2. Nf3 e6 3. d4 cxd4 4. Nxd4 Nc6 5. Nc3 Qc7 6. Be3 a6 7. Be2 b5 8. a3 Bb7 9. 0-0 Nf6 10. Nxc6 dxc6 11. f4 c5 12. Bf3 Be7 13. Qe1 0-0 14. Bd2 c4 15. Be3 Bc5 16. Bxc5 Qxc5+ 17. Qf2 Qxf2+ 18. Rxf2 Rad8 19. Re1 Rd7 20. Ree2 Rfd8 21. g3 Bc6 22. e5 Bxf3 23. Rxf3 Nd5 24. Nxd5 Rxd5 25. Kg2 Kf8 26. Rf1 Ke7 27. Rfe1 Rc8 28. c3 Rcd8 29. Re3 Kd7 30. Kf2 Kc6 31. R1e2 Kc5 32. Re4 a5 33. Re1 Rd2+ 34. R1e2 Rxe2+ 35. Rxe2 Rd3 36. Re3 h6 37. h4 h5 38. Ke2 Rd5 39. Re4 b4 40. axb4+ axb4 41. cxb4+ Kxb4 42. Re3 Rd8 43. Ra3 Rd7 44. Ke1 Kc5 45. Ke2 Rb7 46. Ra2 Rb3 47. Kf2 Kd4 48. Kg2 Kd3 49. Kf3 Kc2+ 50. Ke4 Rxb2 51. Ra1 c3 52. Kd4 Kb3 53. Kd3 c2 54. Rc1 Ra2 55. Kd2 Rb2 56. Kd3 Ra2 57. Kd2 g6 58. Re1 Ra7 59. Rf1 Kb2 60. Re1 Rd7+ 61. Ke3 c1Q+ 62. Rxc1 Kxc1 0-1

[Event "Bialystok qual-B"]
[Site "Bialystok"]
[Date "2011.05.??"]
[Round "4"]
[White "Szostko, Jakub"]
[Black "Daciuk, Jaroslaw"]
[Result "1-0"]
[WhiteElo "1660"]
[BlackElo "1627"]
[PlyCount "69"]
[EventDate "2011.05.??"]
[EventType "swiss"]
[EventRounds "9"]
[EventCountry "POL"]
[SourceTitle "EXT 2014"]
[Source "ChessBase"]
[SourceDate "2013.11.20"]
[SourceVersion "1"]
[SourceVersionDate "2013.11.20"]
[SourceQuality "1"]

1. e4 c5 2. Nf3 e6 3. d4 cxd4 4. Nxd4 Nc6 5. Nc3 Qc7 6. Be3 a6 7. Bd3 b5 8. Nxc6 Qxc6 9. 0-0 Bb7 10. a3 Nf6 11. Qe2 h5 12. f4 Ng4 13. Bd2 Bc5+ 14. Kh1 Bd4 15. a4 b4 16. Nd5 a5 17. c3 bxc3 18. bxc3 Bc5 19. Rab1 Nf6 20. Bb5 Qd6 21. Nxf6+ gxf6 22. Be3 Bc6 23. Rbd1 Qe7 24. Bxc6 dxc6 25. Qc4 Bxe3 26. Qxc6+ Kf8 27. Qxa8+ Kg7 28. Qxa5 Qb7 29. Qb4 Qc7 30. f5 e5 31. Rf3 Rb8 32. Qa3 Bf4 33. Rfd3 Qb7 34. Rd5 Qb1 35. Rd8 1-0

[Event "Bialystok Zamenhof Memorial-B"]
[Site "Bialystok"]
[Date "2010.12.??"]
[Round "2"]
[White "Daciuk, Jaroslaw"]
[Black "Burakowska, Gabriela"]
[Result "0-1"]
[WhiteElo "1554"]
[BlackElo "1560"]
[PlyCount "82"]
[EventDate "2010.12.27"]
[EventType "swiss"]
[EventRounds "9"]
[EventCountry "POL"]
[SourceTitle "EXT 2014"]
[Source "ChessBase"]
[SourceDate "2013.11.20"]
[SourceVersion "1"]
[SourceVersionDate "2013.11.20"]
[SourceQuality "1"]

1. c4 Nc6 2. Nc3 e6 3. Nf3 d5 4. cxd5 exd5 5. d4 Bb4 6. e3 Nf6 7. Bd3 Bg4 8. a3 Bxc3+ 9. bxc3 0-0 10. h3 Bh5 11. 0-0 Ne4 12. Bb2 Bxf3 13. gxf3 Ng5 14. Kg2 Qd7 15. Rh1 Rfe8 16. h4 Ne6 17. Qc2 h6 18. Rag1 a6 19. Kf1 Na5 20. Rg3 Kh8 21. Rhg1 Re7 22. Bf5 Qb5+ 23. Bd3 Qb3 24. Qxb3 Nxb3 25. Bc2 Nd2+ 26. Ke2 Nc4 27. Bc1 f6 28. e4 c6 29. Kd1 Nc7 30. a4 b5 31. Rg6 Ne6 32. exd5 Nf8 33. R6g3 cxd5 34. Bxh6 Ne6 35. Bc1 b4 36. Bf5 b3 37. Bd3 Rb8 38. Bxc4 dxc4 39. Be3 b2 40. Kc2 Reb7 41. Rh3 Rb3 0-1

[Event "Bialystok Bieluczyk Memorial-C 2nd"]
[Site "Bialystok"]
[Date "2010.06.30"]
[Round "6"]
[White "Daciuk, Jaroslaw"]
[Black "Gorbacz, Dominika"]
[Result "1/2-1/2"]
[WhiteElo "1552"]
[BlackElo "1624"]
[PlyCount "108"]
[EventDate "2010.06.26"]
[EventType "swiss"]
[EventRounds "9"]
[EventCountry "POL"]
[SourceTitle "EXT 2012"]
[Source "ChessBase"]
[SourceDate "2011.11.24"]
[SourceVersion "1"]
[SourceVersionDate "2011.11.24"]
[SourceQuality "1"]

1. c4 e5 2. Nc3 Nc6 3. Nf3 d6 4. g3 Be6 5. b3 h6 6. Bg2 Qd7 7. 0-0 g6 8. Bb2 Bg7 9. d4 Nxd4 10. Nxd4 exd4 11. Nb5 c6 12. Nxd4 Nf6 13. Nxe6 Qxe6 14. Re1 0-0 15. e4 Rad8 16. Qc2 Nd7 17. Bxg7 Kxg7 18. Qc3+ Qf6 19. Qxf6+ Nxf6 20. Rad1 Rfe8 21. h3 Rd7 22. Re3 Re6 23. f3 Re5 24. Red3 Ne8 25. b4 f5 26. f4 fxe4 27. fxe5 exd3 28. Rxd3 Kf7 29. h4 Rd8 30. b5 Ke6 31. bxc6 bxc6 32. Bxc6 Nc7 33. Rxd6+ Rxd6 34. exd6 Kxd6 35. Be4 g5 36. Bc2 Ne6 37. Kf2 Nd4 38. Bb3 Kc5 39. hxg5 hxg5 40. Ke3 a5 41. Kd3 Nf5 42. g4 Nd6 43. a3 Nf7 44. Ke4 Nd6+ 45. Ke5 Nxc4+ 46. Bxc4 Kxc4 47. Kf5 Kb3 48. Kxg5 Kxa3 49. Kh6 Kb2 50. g5 a4 51. g6 a3 52. g7 a2 53. g8Q a1Q 54. Qg7+ Kb1 1/2-1/2

[Event "Bialystok Bieluczyk Memorial-C 2nd"]
[Site "Bialystok"]
[Date "2010.06.30"]
[Round "7"]
[White "Murawko, Katarzyna"]
[Black "Daciuk, Jaroslaw"]
[Result "1-0"]
[WhiteElo "1736"]
[BlackElo "1552"]
[PlyCount "77"]
[EventDate "2010.06.26"]
[EventType "swiss"]
[EventRounds "9"]
[EventCountry "POL"]
[SourceTitle "EXT 2012"]
[Source "ChessBase"]
[SourceDate "2011.11.24"]
[SourceVersion "1"]
[SourceVersionDate "2011.11.24"]
[SourceQuality "1"]

1. e4 d6 2. d4 Nf6 3. Nc3 g6 4. Bc4 Bg7 5. Nf3 0-0 6. Bb3 Nbd7 7. 0-0 e5 8. d5 Nc5 9. Re1 Nxb3 10. axb3 h6 11. h3 Ne8 12. Ne2 f5 13. exf5 gxf5 14. c4 c6 15. Nc3 Nc7 16. Be3 c5 17. Nh2 Qh4 18. Qf3 Bd7 19. Bd2 Kh8 20. Nf1 Rg8 21. Ng3 a6 22. Nxf5 Bxf5 23. Qxf5 Raf8 24. Re4 Rxf5 25. Rxh4 Kh7 26. Ne4 Ne8 27. g4 Rgf8 28. Ng5+ Kg6 29. Ne6 Rf3 30. Nxg7 Kxg7 31. Bxh6+ Kf7 32. Be3 Nf6 33. Kg2 Rxe3 34. fxe3 Kg6 35. Rf1 Ne4 36. Rh5 Nd2 37. Rf2 Nxb3 38. Rhf5 Na5 39. Rf6+ 1-0

[Event "Bialystok qual"]
[Site "Bialystok"]
[Date "2009.11.07"]
[Round "1"]
[White "Borawski, Jakub"]
[Black "Daciuk, Jaroslaw"]
[Result "1-0"]
[WhiteElo "1790"]
[BlackElo "1540"]
[PlyCount "57"]
[EventDate "2009.11.07"]
[EventType "swiss"]
[EventRounds "9"]
[EventCountry "POL"]
[SourceTitle "EXT 2012"]
[Source "ChessBase"]
[SourceDate "2011.11.24"]
[SourceVersion "1"]
[SourceVersionDate "2011.11.24"]
[SourceQuality "1"]

1. e4 d6 2. d4 Nf6 3. Nc3 g6 4. f3 Bg7 5. Be3 c6 6. Qd2 0-0 7. h4 h5 8. 0-0-0 b5 9. Bh6 Qa5 10. Bxg7 Kxg7 11. e5 Ng8 12. g4 hxg4 13. h5 b4 14. hxg6 fxg6 15. Qh2 Rf7 16. Nb1 Qxa2 17. Bd3 Bf5 18. Bxf5 gxf5 19. fxg4 fxg4 20. exd6 exd6 21. Qxd6 Qd5 22. Qh2 Qg5+ 23. Nd2 g3 24. Qh8+ Kf8 25. Nh3 Qf6 26. Qh5 g2 27. Rhg1 Qxd4 28. Ng5 Re7 29. Rxg2 1-0